| 000 | 00835nam a2200229 a 4500 | ||
|---|---|---|---|
| 001 | 39017 | ||
| 003 | BD-RjUL | ||
| 005 | 20211209052912.0 | ||
| 008 | 160404s1997 bg ||||e |||| 000 0 ben d | ||
| 020 |
_a9840735845 _cTK. 60 |
||
| 035 | _a(BD-RjUL) 39128 | ||
| 040 |
_aBD-RjUL _bben _cBD-RjUL |
||
| 041 | _aben | ||
| 082 |
_223 _a398.415492 _bCHL 1997 |
||
| 100 |
_aচৌধুরী, মোমেন _9120457 |
||
| 245 | 1 | 0 |
_aলোকসংস্কার ও বিবিধ প্রসঙ্গ / _cমোমেন চৌধুরী |
| 260 |
_aঢাকা : _bবাংলা একাডেমি, _c১৯৯৭. |
||
| 300 |
_a[১৪], ১০৬পৃ.; _c২২ সেমি. |
||
| 650 |
_aলোকসংস্কার _zবাংলাদেশ _9120458 |
||
| 650 |
_aFolklore _zBangladesh _9117619 |
||
| 942 |
_2ddc _cBK |
||
| 999 |
_c39017 _d39017 |
||